[Event "44. Villa de Mislata - Magistral"]
[Site "Mislata ESP"]
[Date "2010.08.20"]
[Round "7.3"]
[White "Vassallo Barroche, Mauricio"]
[Black "Matnadze, Ana"]
[Result "1/2-1/2"]
[WhiteElo "2432"]
[BlackElo "2422"]
[PlyCount "107"]
[EventDate "2010.08.16"]
[EventType "tourn"]
[EventRounds "9"]
[EventCountry "ESP"]
[EventCategory "8"]
[Source "lmi"]
[SourceDate "2010.08.16"]

1. Nf3 Nf6 2. g3 e6 3. Bg2 b6 4. O-O Bb7 5. c4 Be7 6. Nc3 O-O 7. Re1 d5 8. cxd5
exd5 9. d4 Nbd7 10. Bf4 Ne4 11. Qc2 Nxc3 12. Qxc3 c5 13. Rac1 Nf6 14. Ne5 Bd6
15. dxc5 bxc5 16. Nd3 d4 17. Qc4 Bxg2 18. Kxg2 Bxf4 19. Nxf4 Rc8 20. Nd3 Nd7
21. Qd5 Qe7 22. e3 Nb6 23. Qf3 Qd6 24. exd4 cxd4 25. Rxc8 Nxc8 26. h4 h6 27.
Re5 Rd8 28. Qe4 g6 29. h5 gxh5 30. Rxh5 Ne7 31. Re5 Ng6 32. Re8+ Rxe8 33. Qxe8+
Kg7 34. Qe4 h5 35. b4 Qd7 36. Nc5 Qd6 37. a3 Ne5 38. Nb7 Qf6 39. Nc5 Qd6 40.
Nd3 Nxd3 41. Qxd3 a6 42. Kf3 f6 43. Ke2 Qe6+ 44. Kd1 Qa2 45. Qxd4 Qxa3 46. Qd7+
Kg6 47. Qe8+ Kg7 48. Qe7+ Kg6 49. Qe4+ Kg7 50. Ke2 Qb2+ 51. Kf3 Qc3+ 52. Kg2
Qc8 53. Qd5 Kg6 54. Qd3+ 1/2-1/2

[Event "44. Villa de Mislata - Magistral"]
[Site "Mislata ESP"]
[Date "2010.08.20"]
[Round "7.4"]
[White "Dolezal, Cristian"]
[Black "Arizmendi Martinez, Julen Luis"]
[Result "0-1"]
[WhiteElo "2412"]
[BlackElo "2532"]
[PlyCount "118"]
[EventDate "2010.08.16"]
[EventType "tourn"]
[EventRounds "9"]
[EventCountry "ESP"]
[EventCategory "8"]
[Source "lmi"]
[SourceDate "2010.08.16"]

1. Nf3 Nf6 2. d3 d5 3. g3 c6 4. b3 Bf5 5. Bb2 e6 6. Nbd2 h6 7. Bg2 Be7 8. e4
Bh7 9. O-O O-O 10. Qe2 a5 11. Ne5 a4 12. exd5 cxd5 13. Ndf3 Nc6 14. Bh3 Nxe5
15. Nxe5 Ra6 16. f4 Nd7 17. Nf3 Bf6 18. Bd4 Bxd4+ 19. Nxd4 Qb6 20. Qf2 Nb8 21.
Rae1 axb3 22. axb3 Nc6 23. Nxc6 Qxc6 24. Re2 Qc3 25. Qe3 Ra2 26. Rff2 b5 27. g4
Bg6 28. Kg2 Rc8 29. Kg3 Qf6 30. Bf1 Rc3 31. Qe5 Qxe5 32. fxe5 h5 33. g5 Kf8 34.
Kh4 Ke7 35. Bg2 Ra8 36. Rd2 Rd8 37. Bf3 Bf5 38. Bd1 g6 39. Kg3 Kd7 40. Rf4 Ra8
41. Kf2 Kc6 42. Ke3 Ra1 43. Kd4 b4 44. Rff2 Kb5 45. Bf3 Rc1 46. Bd1 Kb6 47. Rg2
Rc8 48. Bf3 Kb5 49. Rgf2 Rc7 50. Rg2 Kb6 51. Rgf2 Rc8 52. h4 Rc3 53. Rh2 R1xc2
54. Rhe2 Rb2 55. Rd1 Rxe2 56. Bxe2 Rxb3 57. Rc1 Rb2 58. Rf1 Rxe2 59. Rxf5 exf5
0-1

[Event "44. Villa de Mislata - Magistral"]
[Site "Mislata ESP"]
[Date "2010.08.21"]
[Round "8.2"]
[White "Arizmendi Martinez, Julen Luis"]
[Black "Pardo Simon, David"]
[Result "1/2-1/2"]
[WhiteElo "2532"]
[BlackElo "2354"]
[PlyCount "69"]
[EventDate "2010.08.16"]
[EventType "tourn"]
[EventRounds "9"]
[EventCountry "ESP"]
[EventCategory "8"]
[Source "lmi"]
[SourceDate "2010.08.16"]

1. Nf3 Nf6 2. g3 b6 3. Bg2 Bb7 4. O-O e6 5. d3 d5 6. Nbd2 Be7 7. e4 c5 8. Re1
Nc6 9. c3 Qc7 10. Qe2 dxe4 11. dxe4 e5 12. Nc4 O-O 13. Ne3 Na5 14. Nd2 Rad8 15.
Nf5 Rfe8 16. Nf1 Kh8 17. h4 Ng8 18. h5 Bf8 19. Bg5 f6 20. Be3 Qc8 21. Rad1 Ba6
22. Qf3 Nc4 23. Bc1 Rxd1 24. Rxd1 Rd8 25. b3 Nd6 26. N5e3 Bb7 27. Nd5 c4 28.
Nfe3 cxb3 29. axb3 Nb5 30. Bb2 Bc5 31. Nf5 Nd6 32. Nfe7 Nxe7 33. Nxe7 Qe6 34.
Nd5 Nf7 35. c4 1/2-1/2

[Event "44. Villa de Mislata - Magistral"]
[Site "Mislata ESP"]
[Date "2010.08.21"]
[Round "8.3"]
[White "Matnadze, Ana"]
[Black "Dolezal, Cristian"]
[Result "1/2-1/2"]
[WhiteElo "2422"]
[BlackElo "2412"]
[PlyCount "46"]
[EventDate "2010.08.16"]
[EventType "tourn"]
[EventRounds "9"]
[EventCountry "ESP"]
[EventCategory "8"]
[Source "lmi"]
[SourceDate "2010.08.16"]

1. d4 b6 2. Nf3 Bb7 3. g3 Bxf3 4. exf3 e6 5. Bg2 d5 6. O-O Ne7 7. f4 g6 8. Nd2
Bg7 9. Nf3 Nd7 10. Ne5 Rc8 11. c3 c5 12. Re1 O-O 13. h4 cxd4 14. cxd4 h5 15. b3
Nf5 16. Ba3 Re8 17. Bh3 Nxe5 18. fxe5 Bf8 19. Bxf8 Kxf8 20. Bxf5 exf5 21. Qd2
Re6 22. Rac1 Kg7 23. Rc3 Rec6 1/2-1/2

[Event "44. Villa de Mislata - Magistral"]
[Site "Mislata ESP"]
[Date "2010.08.21"]
[Round "8.4"]
[White "Doncea, Vladimir"]
[Black "Vassallo Barroche, Mauricio"]
[Result "1/2-1/2"]
[WhiteElo "2474"]
[BlackElo "2432"]
[PlyCount "28"]
[EventDate "2010.08.16"]
[EventType "tourn"]
[EventRounds "9"]
[EventCountry "ESP"]
[EventCategory "8"]
[Source "lmi"]
[SourceDate "2010.08.16"]

1. c4 e5 2. g3 Nf6 3. Bg2 c6 4. d4 Bb4+ 5. Bd2 Bxd2+ 6. Qxd2 d6 7. dxe5 dxe5 8.
Qxd8+ Kxd8 9. Nf3 Re8 10. Ng5 Re7 11. Nc3 Na6 12. O-O h6 13. Nge4 Nxe4 14. Nxe4
Kc7 1/2-1/2

[Event "44. Villa de Mislata - Magistral"]
[Site "Mislata ESP"]
[Date "2010.08.21"]
[Round "8.5"]
[White "Cabrera, Alexis"]
[Black "Garcia Roman, Daniel"]
[Result "1-0"]
[WhiteElo "2533"]
[BlackElo "2411"]
[PlyCount "63"]
[EventDate "2010.08.16"]
[EventType "tourn"]
[EventRounds "9"]
[EventCountry "ESP"]
[EventCategory "8"]
[Source "lmi"]
[SourceDate "2010.08.16"]

1. d4 e6 2. c4 Nf6 3. g3 d5 4. Bg2 dxc4 5. Nf3 Nc6 6. O-O Rb8 7. Nc3 a6 8. e4
b5 9. d5 exd5 10. exd5 Nb4 11. Re1+ Be7 12. Ne5 Bb7 13. a3 Nbxd5 14. Nxd5 Nxd5
15. Bg5 O-O 16. Bxe7 Nxe7 17. Nd7 Bxg2 18. Kxg2 Ng6 19. Nxb8 Qxb8 20. Qd5 Qb6
21. Rad1 Qf6 22. Re2 h6 23. Rd4 Rc8 24. Qd7 Ra8 25. Rde4 c5 26. a4 Rd8 27.
Qxd8+ Qxd8 28. Re8+ Qxe8 29. Rxe8+ Kh7 30. Rc8 bxa4 31. Rxc5 Ne7 32. Rxc4 1-0

[Event "44. Villa de Mislata - Magistral"]
[Site "Mislata ESP"]
[Date "2010.08.22"]
[Round "9.1"]
[White "Garcia Roman, Daniel"]
[Black "Camarena Gimenez, Rufino"]
[Result "1/2-1/2"]
[WhiteElo "2411"]
[BlackElo "2407"]
[PlyCount "20"]
[EventDate "2010.08.16"]
[EventType "tourn"]
[EventRounds "9"]
[EventCountry "ESP"]
[EventCategory "8"]
[Source "lmi"]
[SourceDate "2010.08.16"]

1. d4 Nf6 2. c4 g6 3. Nc3 Bg7 4. Nf3 O-O 5. g3 d6 6. Bg2 c5 7. O-O Nc6 8. dxc5
dxc5 9. Be3 Qa5 10. Qa4 Qb4 1/2-1/2

[Event "44. Villa de Mislata - Magistral"]
[Site "Mislata ESP"]
[Date "2010.08.22"]
[Round "9.2"]
[White "Vassallo Barroche, Mauricio"]
[Black "Cabrera, Alexis"]
[Result "1/2-1/2"]
[WhiteElo "2432"]
[BlackElo "2533"]
[PlyCount "77"]
[EventDate "2010.08.16"]
[EventType "tourn"]
[EventRounds "9"]
[EventCountry "ESP"]
[EventCategory "8"]
[Source "lmi"]
[SourceDate "2010.08.16"]

1. d4 Nf6 2. Nf3 g6 3. g3 Bg7 4. Bg2 d5 5. c4 c6 6. cxd5 cxd5 7. Ne5 O-O 8. Nc3
e6 9. O-O Nfd7 10. f4 Nc6 11. Be3 f6 12. Nf3 Nb6 13. b3 Bd7 14. Bf2 f5 15. Ne5
Nc8 16. Qd2 Nd6 17. Rac1 Rc8 18. Na4 b6 19. Nc3 Kh8 20. e3 Qe7 21. Bf3 Rfd8 22.
Nxc6 Bxc6 23. Rc2 Bf8 24. Rfc1 Be8 25. Be2 Qb7 26. Be1 b5 27. Nb1 Rxc2 28. Rxc2
Rc8 29. Rxc8 Qxc8 30. Qc3 Kg7 31. Qxc8 Nxc8 32. Ba5 Kf7 33. Nc3 b4 34. Nb5 Bxb5
35. Bxb5 Nd6 36. Bd3 Nb7 37. Bc7 Bd6 38. Ba6 Bxc7 39. Bxb7 1/2-1/2

[Event "44. Villa de Mislata - Magistral"]
[Site "Mislata ESP"]
[Date "2010.08.22"]
[Round "9.3"]
[White "Dolezal, Cristian"]
[Black "Doncea, Vladimir"]
[Result "1/2-1/2"]
[WhiteElo "2412"]
[BlackElo "2474"]
[PlyCount "84"]
[EventDate "2010.08.16"]
[EventType "tourn"]
[EventRounds "9"]
[EventCountry "ESP"]
[EventCategory "8"]
[Source "lmi"]
[SourceDate "2010.08.16"]

1. e4 c5 2. Nf3 e6 3. d3 Nc6 4. g3 d5 5. Nbd2 Nge7 6. Bg2 g6 7. O-O Bg7 8. Re1
b6 9. h4 h6 10. c3 a5 11. a4 Ra7 12. exd5 exd5 13. Nb3 Bg4 14. Bf4 O-O 15. Qd2
Kh7 16. Nh2 Be6 17. d4 cxd4 18. Nxd4 Nxd4 19. cxd4 Nc6 20. Nf3 Bf5 21. Ne5 Nb4
22. Rec1 Qe8 23. Bf1 Qe6 24. Ra3 f6 25. Nd3 Nxd3 26. Bxd3 Bxd3 27. Qxd3 Qe4 28.
f3 Qxd3 29. Rxd3 Re8 30. Kf2 Rae7 31. Re3 g5 32. Rxe7 Rxe7 33. Rc7 Re6 34. hxg5
hxg5 35. Be3 Kg6 36. g4 Bf8 37. Ke2 Bb4 38. Kd3 f5 39. gxf5+ Kxf5 40. Rd7 Bd6
41. Rf7+ Rf6 42. Rxf6+ Kxf6 1/2-1/2

[Event "44. Villa de Mislata - Magistral"]
[Site "Mislata ESP"]
[Date "2010.08.22"]
[Round "9.4"]
[White "Pardo Simon, David"]
[Black "Matnadze, Ana"]
[Result "1/2-1/2"]
[WhiteElo "2354"]
[BlackElo "2422"]
[PlyCount "25"]
[EventDate "2010.08.16"]
[EventType "tourn"]
[EventRounds "9"]
[EventCountry "ESP"]
[EventCategory "8"]
[Source "lmi"]
[SourceDate "2010.08.16"]

1. e4 c5 2. Nf3 d6 3. Bb5+ Nc6 4. c3 Nf6 5. d3 e5 6. O-O Be7 7. Nbd2 O-O 8. Re1
Bg4 9. h3 Bh5 10. Nf1 Ne8 11. Ng3 Bxf3 12. Qxf3 g6 13. Bh6 1/2-1/2

[Event "44. Villa de Mislata - Magistral"]
[Site "Mislata ESP"]
[Date "2010.08.22"]
[Round "9.5"]
[White "Galego, Luis"]
[Black "Arizmendi Martinez, Julen Luis"]
[Result "1/2-1/2"]
[WhiteElo "2498"]
[BlackElo "2532"]
[PlyCount "20"]
[EventDate "2010.08.16"]
[EventType "tourn"]
[EventRounds "9"]
[EventCountry "ESP"]
[EventCategory "8"]
[Source "lmi"]
[SourceDate "2010.08.16"]

1. Nf3 Nf6 2. g3 g6 3. Bg2 Bg7 4. O-O O-O 5. c4 d6 6. Nc3 c5 7. d3 Nc6 8. a3 a6
9. Rb1 Rb8 10. b4 cxb4 1/2-1/2